Guidance : theory and practice.

Guardado en:
Detalles Bibliográficos
Autor principal: Zeran, Franklin N. (autor)
Otros autores: Allas, John E. (autor) (autor), Wegner, Kenneth W. (autor) (autor)
Formato: Libro
Idioma:Inglés
Temas:
Etiquetas: Agrega una etiqueta
Sin etiquetas, Sé el primero en etiquetar este registro!

MARC

LEADER 00000cam^a2200000uu^4500
001 000463251
005 20250521000000.0
008 050901s1964^^^^^^^^^^^^rd^r^^000^0^eng^d
009 20260310124308.53
035 |a FCE 000005801 
035 |a FCE 022909 
037 |a Acervo ITESO - Biblioteca 
041 |a eng 
082 0 4 |a 371.4  |b ZERg 
100 |a Zeran, Franklin N.  |e (autor) 
245 1 0 |a Guidance :  |b theory and practice. 
264 |a Nueva York, EUA :  |b American Book,  |c 1964. 
300 |a 301 p. 
336 |a texto  |b txt  |2 rdacontenido 
337 |a sin mediación  |b n  |2 rdamedio 
338 |a volumen  |b nc  |2 rdasoporte 
649 |a XX 
650 |a Teoría 
650 |a Estudiantes 
650 |a Orientación educativa 
650 |a Orientación profesional 
650 |a Pruebas educativas 
650 |a Asesoramiento 
650 |a Estados Unidos 
700 |a Allas, John E.  |e (autor) 
700 |a Wegner, Kenneth W.  |e (autor) 
910 |a Fondo Centro de Estudios Educativos 
920 |a Impresos - Libros 
930 |a Fondos Especiales 
905 |a 133 
901 |a ALE022909  |b IT2  |c CEE  |u 20250521 
902 |a https://opac.biblio.iteso.mx/vufind/Record/000463251